Rechnen mit Flächen - Europa - Statistiken

Allgemein
  • Dieses Quiz wurde 15 mal gespielt
  • Das Durchschnittsergebnis liegt bei 8 aus 10
Antwortstatistiken
Fläche ~Land % Korrekt
Andorra (468) - Liechtenstein (160) Malta (316)
92%
Vatikanstadt (0,44) x 5 Monaco (2)
85%
Kosovo (10 877) + Luxemburg (2 586) Montenegro (13 812)
85%
Island (103 000) x 3 Polen (312 679)
85%
Vereinigtes Königreich (243 820) + Belarus (207 600) Schweden (449 696)
85%
Niederlande (41 526) : 2 Slowenien (20 273)
77%
Frankreich (543 965) - Vereinigtes Königreich (243 820) Italien (301 277)
69%
San Marino (61) x 10 000 Ukraine (603 700)
69%
Kroatien (56 538) + Kosovo (10 877) Litauen (65 300)
62%
Niederlande (41 526) ~ Schweiz (41 285)
54%
Keine übereinstimmenden Quizze gefunden
Verteilung der Resultate
Anzahl Personen mit jedem Resultat
Perzentil nach korrekt beantworteten Fragen
Ihre Resultats-Entwicklung
Sie haben dieses Quiz noch nicht gespielt